Heat mining : a new source of energy
Αποθηκεύτηκε σε:
| Κύριος συγγραφέας: | |
|---|---|
| Άλλοι συγγραφείς: | |
| Μορφή: | Βιβλίο |
| Γλώσσα: | English |
| Δημοσίευση: |
London :
E. and F. N. Spon,
c1987
|
| Θέματα: | |
| Ετικέτες: |
Προσθήκη ετικέτας
Δεν υπάρχουν, Καταχωρήστε ετικέτα πρώτοι!
|
MARC
| LEADER | 00000nam a2200000 i 4500 | ||
|---|---|---|---|
| 001 | 1/65205 | ||
| 008 | 931008s eng d | ||
| 020 | |a 0-419-12230-3 | ||
| 035 | |a ΛΕΣΒΟΣb10001515 |l 10001515 | ||
| 040 | |a GR-MY-UA |b gre |e aacr | ||
| 041 | 0 | |a eng | |
| 082 | 0 | |a 333.792 | |
| 100 | 1 | |a Armstead, H. Christopher H. | |
| 245 | 1 | 0 | |a Heat mining : |b a new source of energy / |c H. Christopher Armstead; Jefferson W. Tester |
| 260 | |a London : |b E. and F. N. Spon, |c c1987 | ||
| 300 | |a 478 p. | ||
| 500 | |a Includes bibliographical references and index | ||
| 650 | 0 | 0 | |a Energy minerals. |
| 650 | 0 | 0 | |a Earth temperature. |
| 650 | 0 | 0 | |a Heat engineering. |
| 700 | 1 | |a Tester, Jefferson W. | |
| 852 | |a INST |b LESVOS |e 19931008 |h 333.792 ARM |p 005100006697 |q 005100006697 |t BK |y 0 | ||
| 909 | |a Λ |b 021151 | ||